000 00827nam a2200265Ia 4500
003 OSt
005 20220928112536.0
006 a|||||r|||| 00| 0
007 ta
008 220927b |||||||| |||| 00| 0 eng d
020 _cUSD 195.00
024 _a136653
037 _b157, 22/11/2017, Classic Book Service
_cTextual
040 _aSDCL
_cSDCL
_beng
041 _2eng
_aeng
082 _aX65:5, Q6
100 _aJaitly Rajiv
_9428645
245 0 _aPractical operational due diligence on hedge funds
_b Processes, procedures, and case studies
260 _aChichester
_bWiley
_c2016
300 _ali,820p.
_ccm.
490 _aWiley finance series
650 _aFinancial Studies
942 _hX65:5, Q6
_cTEXL
_2CC
999 _c745194
_d745194